| 000 | 00933nam a2200277 a 4500 | ||
|---|---|---|---|
| 001 | 000003715 | ||
| 003 | DO-SdBNP | ||
| 005 | 20220721093538.0 | ||
| 007 | ta | ||
| 008 | 090713s1998 mx acd 000 0 spa d | ||
| 020 | _a9701017528 | ||
| 040 |
_aDO-SdBNP _bspa _cBNPHU |
||
| 049 | _aBNPD | ||
| 082 | 4 |
_aR 603 _bE56m, 1998 _222 |
|
| 240 | 1 | 0 |
_aMcGraw-Hill concise encyclopedia of science & technology _lespañol |
| 245 | 0 | 0 |
_aEnciclopedia McGraw-Hill de ciencia y tecnología / _cjefe de redacción Sybil P. Parker. |
| 250 | _a3a ed. en español | ||
| 260 |
_aMéxico, D.F. : _bMcGraw-Hill, _c1998. |
||
| 300 |
_a6 v. : _bil., retr.+ _ecd-rom _c29 cm. |
||
| 500 | _aTraducido del inglés | ||
| 650 | 4 |
_aCiencia _vDiccionarios y enciclopedias _911325 |
|
| 650 | 4 |
_aTecnología _xDiccionarios y enciclopedias _911326 |
|
| 700 | 1 |
_aParker, Sybil P., _eed. _911327 |
|
| 910 | _aValidado. Control de calidad MMOLINA | ||
| 942 |
_2ddc _cLBS1 |
||
| 999 |
_c3537 _d3537 |
||